000 00702cam a2200205 a 4500
999 _c48272
_d48272
001 15561439
005 20221114163512.0
008 081218s2010 njua 001 0 eng
020 _a9780136054504x
041 _aeng
080 _a547 F-97
245 0 0 _aFundamentals of general, organic, and biological chemistry /
_cJohn McMurry ... [et al.].
250 _a6th ed.
264 _aUpper Saddle River, NJ :
_bPearson Prentice Hall,
_c2010.
300 _a901p .xxiii, 901, 61 p. :
_bill. (chiefly col.) ;
_c29 cm.
653 _aბიოლოგია
653 _aორგანული საფუძვლები
700 1 _aMcMurry, John.
_eავტორი
_97513
942 _2udc
_cBK